000 01471cam a2200133 4500500
005 20251214004256.0
041 _afre
042 _adc
100 1 0 _aLormier, Dominique
_eauthor
245 0 0 _aLa France s'est faite à coups d'épée : L'épopée des grandes batailles d'Hastings à la Libération
260 _bArmand Colin,
_c2015.
520 _a« La France fut faite à coups d’épée ». Cette citation de Charles de Gaulle dont s’inspire le titre de l’ouvrage dit bien ce que le paysage de la France doit aux grandes batailles qu’elle a dû livrer pour construire ces frontières que nous connaissons aujourd’hui.Depuis le Moyen Âge jusqu’aux guerres de Libération de Provence et d’Alsace, l’auteur nous fait revivre cette grande épopée à travers les moments les plus marquants de son histoire. On y croise le fer en compagnie de Du Guesclin et de Jeanne d’Arc qui donnent aux armées de leurs souverains respectifs des victoires éclatantes, même si d’autres batailles, comme celles de Crécy ou de Poitiers ont laissé un goût plus amer. La plume alerte de Dominique Lormier court de Valmy aux grandes heures des guerres napoléoniennes jusqu’aux batailles acharnées des deux derniers conflits mondiaux.Cet ouvrage, abondamment illustré, se lit comme un roman, celui de l’histoire de France.
856 4 1 _uhttps://shs.cairn.info/la-france-s-est-faite-a-coups-d-epee--9782200600600?lang=fr&redirect-ssocas=7080
999 _c1568388
_d1568388